La obligación de seguridad laboral. Seguridad y salud en el trabajo.

में बचाया:
ग्रंथसूची विवरण
मुख्य लेखक: Ravinet Muñoz, César (autor)
स्वरूप: अज्ञात
प्रकाशित: Santiago, Chile: Thomson Reuters, 2023.
संस्करण:1ª edición.
श्रृंखला:Monografías
विषय:
टैग: टैग जोड़ें
कोई टैग नहीं, इस रिकॉर्ड को टैग करने वाले पहले व्यक्ति बनें!

MARC

LEADER 00000 a2200000 4500
003 CL-VaPUC
005 20230321094225.0
008 230313t2023 ||||| |||| 00| 0 eng d
999 |c 440111  |d 440109 
020 |a 978-956-400-330-6 
040 |c Pontificia Universidad Católica de Valparaíso 
082 |2 22  |a 344.83022 RAV 2023 
100 |a Ravinet Muñoz, César  |9 880507  |e autor 
245 1 3 |a La obligación de seguridad laboral. Seguridad y salud en el trabajo. 
250 |a 1ª edición. 
260 |a Santiago, Chile:   |b Thomson Reuters,  |c 2023. 
300 |a 261 páginas.  
440 |a Monografías  |9 856527 
583 |k GC  |c 20230313 
650 0 |9 462968  |a Seguridad laboral   |x Código del trabajo   |z Chile  
650 0 |9 880671  |a Seguridad y Salud en el Trabajo (SST)  |x Análisis jurídico   |z Chile  
942 |2 ddc  |c BK 
952 |0 0  |1 0  |2 ddc  |4 0  |6 344_830220000000000_RAV_2023  |7 0  |8 A  |9 588971  |a BIBDER  |b BIBDER  |d 2023-03-10  |e 31  |g 0.00  |i 5656616  |l 1  |m 2  |o 344.83022 RAV 2023  |p 5656616  |r 2025-03-10  |s 2024-09-04  |t 1  |v 0.00  |w 2023-03-10  |y BK  |k DER